000 00795nam a2200253Ia 4500
003 OSt
005 20220926000822.0
006 a|||||r|||| 00| 0
007 ta
008 220923b |||||||| |||| 00| 0 eng d
020 _c210.00
037 _b10208, 21/12/1987, Batra
_cGeneral Book
040 _aRTL
_cRTL
_beng
041 _2eng
_aeng
082 _aU651.252.N8, M7
100 _aShrivastava V K
_9301050
245 0 _aGeography of marketing and rural development
260 _a New Delhi
_bInter-India Publications India
_c1987
300 _a213p
_ccm.
500 _aBibliography P 198-207; Appendix P 192-97
650 _aEconomic Geography
942 _hU651.252.N8, M7
_cGB
_2CC
999 _c599825
_d599825